000 00842nam a2200241 a 4500
001 000004919
005 20200929151533.0
008 950302s1985 sp 000 f spa
040 _aDO-SdBNP
_bspa
_cBNPHU
041 1 7 _aspa
_hfre
082 _a843.7
_bS825ro
100 1 _aStendhal
_q(Marie Henri Beyle),
_d1783-1842.
_914223
245 1 0 _aRojo y negro /
_cStendhal ; traducción, Emma Calatayud.
260 _aSantiago, Chile :
_bErcilla,
_c1985.
300 _av. ;
_c18 cm.
490 1 _aLos Mejores Libros de la Literatura Universal
_v14
490 1 _aBiblioteca Ercilla
500 _aLa bibliteca posee el v. 2
650 4 _aNovela francesa
_91075
650 4 _aLiteratura francesa
_ySIGLO XIX
_95031
700 1 _aCalatayud, Emma,
_etr.
_913358
830 0 _aLos Mejores Libros de la Literatura Universal ;
_n14
_pBiblioteca Ercilla
_914224
999 _c4725
_d4725